| 000 | 00361nam a2200121Ia 4500 | ||
|---|---|---|---|
| 008 | 190216s9999||||xx |||||||||||||| ||und|| | ||
| 100 | _aDa Costa Gc | ||
| 245 | 0 | _aGic/Lic Assistant Administrative Officers Examination | |
| 260 |
_b"Competition Review Pvt Ltd,Newdelhi" _c1990 |
||
| 300 | _a296 | ||
| 650 | _aAssistant Administrative Officers Exam | ||
| 942 | _cREF | ||
| 999 |
_c36001 _d36001 |
||